EASY History of the United States - Statistics

General Stats
  • This quiz has been taken 82 times
  • The average score is 6 of 15
Answer Stats
Hint Answer % Correct
The year in which the U.S.A. declared its freedom from Great Britain 1776
97%
The name of the document that holds the U.S.A.'s freedom Declaration of Independence
70%
The name of the first commander-in-chief of the U.S.A. George Washington
66%
The last state to be admitted into the U.S.A. Hawaii
59%
The name of that war American Revolution
50%
The man who killed Alexander Hamilton during the Election of 1800 Aaron Burr
41%
The modern-day Canadian city the U.S.A. invaded during the war Toronto
33%
The first document America used as its government Articles of Confederation
31%
The colony to be first colonized by the Dutch New York
28%
The war that the U.S.A. acquired Guam Spanish-American War
27%
The war that confirmed independence for the U.S.A. War of 1812
27%
The 14th state to be admitted into the U.S.A. Vermont
16%
The name of the location where the U.S.A. turned the outcome of the battle around Valley Forge
8%
The names of his supporters Shaysites
3%
The person who rebelled against this idea Daniel Shays
2%
No matching quizzes found
Score Distribution
Percent of People with Each Score
Percentile by Number Answered
Your Score History
You have not taken this quiz